[Event "ch-CUB KO"]
[Site "Santa Clara CUB"]
[Date "2006.04.12"]
[Round "3.3"]
[White "Bruzon,L"]
[Black "Dominguez,L"]
[Result "1-0"]
[WhiteElo "2652"]
[BlackElo "2647"]

1.d4 d5 2.c4 dxc4 3.Nf3 Nf6 4.e3 e6 5.Bxc4 a6 6.O-O c5 7.Bb3 cxd4 8.exd4 Nc6
9.Nc3 Be7 10.Bg5 O-O 11.Qd2 Na5 12.Bc2 b5 13.Qf4 g6 14.Qh4 Re8 15.d5 Nxd5
16.Nxd5 exd5 17.Rae1 Nc6 18.Rxe7 Rxe7 19.Ne5 Nxe5 20.Bxe7 Qc7 21.Bb3 Be6
22.Bg5 Nc6 23.Rc1 Rc8 24.Bh6 Qe7 25.Qf4 Qc7 26.Qe3 d4 27.Qe4 Bxb3 28.axb3 Qd7
29.h4 Qe6 30.Rxc6 Qxc6 31.Qe5 f6 32.Qe7 Qc7 33.Qe6+ Kh8 34.Qxf6+ Kg8 35.Qe6+ Kh8
36.g3 Qb7 37.Bf4 Rc5 38.b4 Rf5 39.Bh6 Qf7 40.Qc8+ Qg8 41.Qd7 Re5 42.f4 Re4
43.Kf2 g5 44.hxg5 d3 45.Qxd3 Qg6 46.Qd5 Qb6+ 47.Kf1 Re8 48.Qf7 Re1+ 49.Kxe1 Qe3+
50.Kd1 Qd3+ 51.Kc1 Qf1+ 52.Kd2 Qf2+ 53.Kd3 Qf3+ 54.Kd4 Qf2+ 55.Kd5 Qd2+ 56.Kc6 Qc1+
57.Kb7  1-0

[Event "ch-CUB KO"]
[Site "Santa Clara CUB"]
[Date "2006.04.14"]
[Round "3.5"]
[White "Dominguez,L"]
[Black "Bruzon,L"]
[Result "1/2-1/2"]
[WhiteElo "2647"]
[BlackElo "2652"]

1.e4 e5 2.Nf3 Nc6 3.Bb5 a6 4.Ba4 Nf6 5.O-O Nxe4 6.d4 b5 7.Bb3 d5 8.dxe5 Be6
9.Nbd2 Nc5 10.c3 Be7 11.Bc2 d4 12.cxd4 Nxd4 13.Nxd4 Qxd4 14.Nf3 Qxd1 15.Rxd1 Nd7
16.Bf4 c5 17.Be4 Rc8 18.Ng5 Bxg5 19.Bxg5 Nxe5 20.Rd6 O-O 21.Rxa6 c4 22.Rd1 h6
23.Bf4 Rfd8 24.Rad6 Rxd6 25.Rxd6 Nd3 26.Bxd3 cxd3 27.Rxd3 Bxa2  1/2-1/2

[Event "GM"]
[Site "Biel SUI"]
[Date "2006.07.25"]
[Round "2"]
[White "Volokitin,And"]
[Black "Bruzon,L"]
[Result "1/2-1/2"]
[WhiteElo "2662"]
[BlackElo "2667"]

1.e4 e5 2.Nf3 Nc6 3.Bb5 a6 4.Ba4 Nf6 5.O-O Be7 6.Re1 b5 7.Bb3 d6 8.c3 O-O
9.h3 Na5 10.Bc2 c5 11.d4 Qc7 12.Nbd2 cxd4 13.cxd4 Rd8 14.b3 Nc6 15.Bb2 Bb7
16.Rc1 Qb6 17.d5 Nb4 18.Bb1 a5 19.Qe2 Rdc8 20.a3 Na6 21.Bd3 Nc5 22.Qe3 Nfd7
23.Bf1 f5  1/2-1/2

[Event "GM"]
[Site "Biel SUI"]
[Date "2006.07.31"]
[Round "7"]
[White "Bruzon,L"]
[Black "Volokitin,And"]
[Result "1/2-1/2"]
[WhiteElo "2667"]
[BlackElo "2662"]

1.e4 e5 2.Bc4 Nf6 3.d3 c6 4.Nf3 Be7 5.O-O d6 6.a3 O-O 7.Ba2 Nbd7 8.Re1 b5
9.Nbd2 Nc5 10.h3 a5 11.Nf1 Be6 12.Bb1 h6 13.Ng3 Qc7 14.d4 Na4 15.c3 Nb6 16.Bc2 Rfe8
17.Nh4 Bf8 18.Nhf5 Kh8 19.Qf3 Ng8 20.Ne3 g6 21.h4 Bg7 22.d5 cxd5 23.Nxd5 Nxd5
24.exd5 Bc8 25.h5 Ne7 26.hxg6 fxg6 27.Qd3 Rf8 28.Ne4 Rb8 29.Bb3 Bf5 30.a4 b4
31.c4 Ng8 32.Qe2 Rbd8 33.Bd2 Qf7 34.Rf1 g5 35.Ng3 Ne7 36.Rac1 Bh7 37.c5 Ng6
38.Nh5 Nf4 39.Bxf4 gxf4 40.cxd6 Rxd6 41.Nxg7 Qxg7 42.f3 e4 43.fxe4 Rg6 44.Rc6 Rg3
45.Rf3 Rg8 46.Rxg3 fxg3 47.Qe3 Qxb2 48.d6 Bxe4 49.Qxh6+ Bh7 50.Rc1 Qf2+ 51.Kh1 Rf8
52.Bc4 Rf6 53.Qh4 Rf4 54.Qd8+ Rf8 55.Qg5 Qf6 56.Qxf6+ Rxf6 57.Be6 Rxe6 58.d7 Rd6
59.Rc8+ Kg7 60.d8=Q Rxd8 61.Rxd8 b3 62.Rb8 Bg8 63.Rb5 Bc4 64.Rxa5 Kf6 65.Rc5 Bd3
66.Rc6+ Ke5 67.Rb6 Bc4 68.a5 Kd4 69.a6 Kc3 70.a7 Bd5 71.Kg1 b2 72.Rxb2 Kxb2
73.a8=Q Bxa8 74.Kh1 Kc2 75.Kg1 Kd2 76.Kh1 Ke2 77.Kg1 Bb7 78.Kh1 Bf3 79.Kg1 Be4  1/2-1/2

[Event "GM"]
[Site "Biel SUI"]
[Date "2006.08.01"]
[Round "8"]
[White "Pelletier,Y"]
[Black "Bruzon,L"]
[Result "1-0"]
[WhiteElo "2583"]
[BlackElo "2667"]

1.Nf3 c5 2.c4 Nc6 3.d4 cxd4 4.Nxd4 Nf6 5.Nc3 e6 6.Bg5 h6 7.Bh4 Qb6 8.Bxf6 gxf6
9.Nb3 f5 10.e3 Rg8 11.Qd2 a6 12.O-O-O Qc7 13.Kb1 b6 14.e4 f4 15.g3 Bb7 16.gxf4 Rg4
17.Qe3 Qxf4 18.Qxb6 Rb8 19.f3 Rg5 20.Qf2 Bc8 21.Bg2 Bg7 22.Ne2 Qf6 23.Rd2 Na5
24.f4 Nxc4 25.Rd4 Na5 26.Bf3 Rgb5 27.e5 Qe7 28.Nec1 Nxb3 29.Nxb3 f6 30.Rc1 Kf8
31.Rdc4 Bb7 32.Bxb7 R8xb7 33.Rc8+ Kf7 34.Qf3 Kg6 35.Rg1+ Kh7 36.Qd3+ f5 37.Rg2 d6
38.exd6 Qd7 39.Rcc2 Rd5 40.Qg3 Qxd6 41.Qg6+ Kh8 42.Rc8+ Qd8  1-0

[Event "I Patrimonio de la Humanidad Open"]
[Site "Alcala de Henares ESP"]
[Date "2006.10.10"]
[Round "4"]
[White "Garcia Martinez,S"]
[Black "Bruzon,L"]
[Result "1/2-1/2"]
[WhiteElo "2316"]
[BlackElo "2648"]

1.e4 c5 2.Nf3 e6 3.d4 cxd4 4.Nxd4 a6 5.Nc3 Qc7 6.Bd3 Nf6 7.O-O Bc5 8.Nb3 Be7
9.f4 d6 10.Qf3 Nbd7 11.g4 g6 12.g5 Nh5 13.Qf2 b5 14.a4 bxa4 15.Rxa4 O-O 16.Be2 Ng7
17.Be3 Bb7 18.Bd3 f5 19.gxf6 Bxf6 20.Qe2 Bxc3 21.bxc3 Bc6 22.Raa1 Nf6 23.Nd2 a5
24.c4 Ngh5 25.Qg2 a4 26.Qh3 Rae8 27.Qh4 Nd7 28.Qg5 Qd8 29.Qxd8 Rxd8 30.f5 gxf5
31.exf5 Rde8 32.fxe6 Rxe6 33.Rxf8+ Kxf8 34.Bd4 Ke8 35.Rf1 Ne5 36.Bxh7 Rh6
37.Be4 Bxe4 38.Nxe4 Nxc4 39.Rf5 Re6 40.Nc3 Re1+ 41.Kf2 Rc1 42.Rxh5 Rxc2+
43.Kg3 a3 44.Rh8+ Kd7 45.Ra8 Rd2 46.Bh8 Ne3 47.Ra5 Nf1+ 48.Kg4 Rg2+ 49.Kf3 Rxh2
50.Bd4 Nd2+ 51.Kg3 Nf1+ 52.Kf4 Rg2 53.Ra7+ Ke6 54.Nb5 Kd5 55.Ra4 Rd2 56.Nc3+ Ke6  1/2-1/2

[Event "I Patrimonio de la Humanidad Open"]
[Site "Alcala de Henares ESP"]
[Date "2006.10.11"]
[Round "5"]
[White "Bruzon,L"]
[Black "Caravaca,A"]
[Result "1-0"]
[WhiteElo "2648"]
[BlackElo "2053"]

1.e4 c5 2.Nf3 Nc6 3.Bb5 e6 4.O-O a6 5.Bxc6 bxc6 6.b3 Ne7 7.Ba3 Ng6 8.d4 Qa5
9.c3 Qb6 10.Re1 d5 11.e5 a5 12.Qc1 Ba6 13.h4 h5 14.Qe3 c4 15.Bxf8 Rxf8 16.bxc4 Bxc4
17.Nbd2 Ba6 18.Nb3 a4 19.Nc5 Bb5 20.Qg5 Qd8 21.Qg3 Qe7 22.Ng5 O-O-O 23.Rab1 Rfe8
24.Ngxe6 Qxh4 25.Qxh4 Nxh4 26.Nxd8 Rxd8 27.Rb4 Kc7 28.e6 Re8 29.e7 Nf5 30.Nxa4 Rxe7
31.Rxe7+ Nxe7 32.Nc5 Bc4 33.Rb7+ Kd8 34.a4  1-0

[Event "I Patrimonio de la Humanidad Open"]
[Site "Alcala de Henares ESP"]
[Date "2006.10.13"]
[Round "7"]
[White "Bruzon,L"]
[Black "Martinez Martin,D"]
[Result "0-1"]
[WhiteElo "2648"]
[BlackElo "2415"]

1.c4 Nf6 2.Nc3 g6 3.e4 d6 4.d4 Bg7 5.Bd3 O-O 6.Nge2 Nc6 7.O-O Nh5 8.Bc2 e5
9.d5 Ne7 10.a4 f5 11.exf5 gxf5 12.Bg5 Qd7 13.Ng3 Nf4 14.Bxf4 exf4 15.Nh5 Be5
16.g3 Ng6 17.Qd2 f3 18.Kh1 f4 19.Rg1 fxg3 20.Nxg3 Qh3 21.Rae1 Rf4 22.Re4 Qh4
23.Rxf4 Bxf4 24.Qd1 Bh3 25.Qxf3 Rf8 26.Bxg6 hxg6 27.Qe4 Bf5 28.Qg2 Bg4 29.f3 Bxg3
30.fxg4 Be5 31.Nd1 Rf4 32.b3 Rf3 33.Qe2 Rxb3 34.Qc2 Kg7 35.Rg2 Qe1+ 36.Rg1 Qh4
37.Rg2 Ra3 38.Qe2 Rxa4 39.c5 Ra1 40.cxd6 cxd6 41.Qc2 Qf6 42.Rf2 Rxd1+ 43.Kg2 Rg1+
44.Kxg1 Bd4 45.Qc7+ Kh6 46.Qc1+ g5 47.Qc2 Qxf2+  0-1

[Event "TCh-ESP Final"]
[Site "Lugo ESP"]
[Date "2006.11.03"]
[Round "1"]
[White "Harikrishna,P"]
[Black "Bruzon,L"]
[Result "1-0"]
[WhiteElo "2674"]
[BlackElo "2648"]

1.e4 c5 2.Nf3 e6 3.c3 Nf6 4.e5 Nd5 5.g3 Nc6 6.Bg2 d6 7.exd6 Bxd6 8.O-O O-O
9.d4 cxd4 10.Nxd4 Nxd4 11.Qxd4 Qc7 12.Nd2 Rd8 13.Qc4 Rb8 14.Qxc7 Bxc7 15.Nb3 Bd7
16.Bg5 f6 17.Bxd5 exd5 18.Bf4 Bxf4 19.gxf4 Kf7 20.f3 Bh3 21.Rfd1 Rd6 22.Kf2 g5
23.Rd4 Rg8 24.Rg1 h6 25.Rd2 Rdd8 26.Nd4 Bd7 27.a3 a6 28.Nc2 Bh3 29.Rd4 gxf4
30.Rxg8 Rxg8 31.Ne1 Rg5 32.Rxf4 Bd7 33.Rh4 Kg7 34.Ng2 Re5 35.Ne3 Bc6 36.Ng4 Rg5
37.Ne3 Re5 38.Rd4 Kf7 39.h4 h5 40.f4 Re8 41.Nxd5 Rg8 42.Ne3 a5 43.b3 Ke6
44.c4 f5 45.c5 Be4 46.Rd6+ Kf7 47.b4 axb4 48.axb4 Ra8 49.Nc4 Ra2+ 50.Ke3 Rh2
51.Ne5+ Kg7 52.b5 Rh3+ 53.Kf2 Rxh4 54.c6 bxc6 55.bxc6 Rxf4+ 56.Ke3 Rf1 57.c7 Bb7
58.Rg6+ Kh7 59.Rb6 Bc8 60.Rb8 Be6 61.Re8 f4+ 62.Kd2 Bf5 63.Nd7  1-0

[Event "TCh-ESP Final"]
[Site "Lugo ESP"]
[Date "2006.11.04"]
[Round "2"]
[White "Bruzon,L"]
[Black "Movsesian,S"]
[Result "1/2-1/2"]
[WhiteElo "2648"]
[BlackElo "2637"]

1.e4 c5 2.Nf3 Nc6 3.Bb5 d6 4.O-O Bd7 5.Re1 Nf6 6.c3 a6 7.Ba4 e5 8.h3 Be7
9.d4 b5 10.Bc2 Qc7 11.d5 Nd8 12.Nbd2 O-O 13.Nf1 Ne8 14.a4 Rb8 15.axb5 axb5
16.b4 g6 17.bxc5 dxc5 18.Bh6 Ng7 19.c4 b4 20.Ba4 Bc8 21.N1d2 f6 22.Nb3 Bd6
23.Re2 Nf7 24.Be3 Bb7 25.Bb5 f5 26.Ra7 fxe4 27.Nfd2 Qb6 28.Ra5 Nf5 29.Nxe4 Nxe3
30.Rxe3 Be7 31.Bd7 Nd6 32.Be6+ Kh8 33.Nxd6 Bxd6 34.Qa1 Qc7 35.Nxc5 Ra8 36.Nxb7 Qxb7
37.c5 b3 38.Rxb3 Rxa5 39.Qxa5 Qxb3 40.cxd6 Qd1+ 41.Kh2 Qd4 42.d7 Qf4+ 43.Kh1 Qc1+  1/2-1/2

[Event "XIX Carlos Torre Mem KO"]
[Site "Merida MEX"]
[Date "2006.12.20"]
[Round "3.3"]
[White "Bruzon,L"]
[Black "Ehlvest,J"]
[Result "1/2-1/2"]
[WhiteElo "2648"]
[BlackElo "2597"]

1.Nf3 g6 2.e4 Bg7 3.d4 d6 4.Bc4 e6 5.Bb3 Nd7 6.O-O Ne7 7.Re1 b6 8.c3 Bb7
9.Nbd2 O-O 10.Nf1 c5 11.Ng3 Rc8 12.Bf4 cxd4 13.cxd4 e5 14.Be3 exd4 15.Bxd4 Ne5
16.Re3 Qc7 17.Bxe5 dxe5 18.Rc3 Nc6 19.Rac1 Qe7 20.Bd5 Nd4 21.Bxb7 Qxb7 22.Rxc8 Rxc8
23.Rxc8+  1/2-1/2

[Event "XIX Carlos Torre Mem KO"]
[Site "Merida MEX"]
[Date "2006.12.20"]
[Round "3.1"]
[White "Bruzon,L"]
[Black "Ehlvest,J"]
[Result "1/2-1/2"]
[WhiteElo "2648"]
[BlackElo "2597"]

1.e4 c5 2.Nf3 e6 3.d4 cxd4 4.Nxd4 Nf6 5.Nc3 d6 6.g4 h6 7.Bg2 Nc6 8.h3 Bd7
9.Be3 a6 10.Qe2 Nxd4 11.Bxd4 e5 12.Be3 Rc8 13.O-O Be7 14.f4 exf4 15.Rxf4 Be6
16.Rd1  1/2-1/2

[Event "XIX Carlos Torre Mem KO"]
[Site "Merida MEX"]
[Date "2006.12.21"]
[Round "4.2"]
[White "Bruzon,L"]
[Black "Ivanchuk,V"]
[Result "1/2-1/2"]
[WhiteElo "2648"]
[BlackElo "2741"]

1.e4 e5 2.Nf3 Nc6 3.Bb5 a6 4.Ba4 Nf6 5.O-O Be7 6.d3 b5 7.Bb3 d6 8.a4 Bd7
9.c3 O-O 10.Nbd2 Na5 11.Bc2 c5 12.Re1 Re8 13.Nf1 h6 14.h3 Bf8 15.Ne3 c4 16.axb5 axb5
17.Nh2 h5 18.dxc4 bxc4 19.Nf5 Qb6 20.Bg5 Nh7 21.Be3 Qxb2 22.Rb1 Qa2 23.Ra1 Qb2
24.Rb1  1/2-1/2

[Event "ch-CUB KO"]
[Site "Santa Clara CUB"]
[Date "2007.01.19"]
[Round "1.1"]
[White "Bruzon,L"]
[Black "Abreu,A"]
[Result "1-0"]
[WhiteElo "2614"]
[BlackElo "2473"]

1.e4 c5 2.Ne2 d6 3.g3 Nc6 4.Bg2 g6 5.c3 Bg7 6.d4 cxd4 7.cxd4 Bg4 8.f3 Bd7
9.Nbc3 Nf6 10.Be3 O-O 11.O-O b5 12.Nxb5 Rb8 13.d5 Ne5 14.Nxa7 Rxb2 15.Bd4 Rb7
16.f4 Qa8 17.fxe5 dxe5 18.Bxe5 Qxa7+ 19.Bd4 Qa6 20.d6 Bb5 21.e5 Rd7 22.exf6 exf6
23.Bf3 Rxd6 24.Qc2 Re8 25.Rf2 Rde6 26.Re1 f5 27.Bxg7 Kxg7 28.a4 Bd3 29.Qc3+ Kg8
30.Bb7 Qxb7 31.Qxd3 Qa7 32.a5 Qxa5 33.Rd1 Qa7 34.Nf4 Re1+ 35.Rxe1 Rxe1+ 36.Kg2 Qa1
37.Re2 Qa8+ 38.Kh3 Rxe2 39.Nxe2 Qc8 40.Nf4 h6 41.Kg2 Qa8+ 42.Qd5 Qa6 43.h4 Qb6
44.Qe5 Qc6+ 45.Kf2 Qc2+ 46.Ne2 Qc6 47.Nc3 Qb6+ 48.Qe3 Qb2+ 49.Ke1 Qa1+ 50.Kd2 Qb2+
51.Kd3 Kg7 52.Qd4+ Kg8 53.Qe3 Kg7 54.Qe5+ Kg8 55.Kc4 Qa1 56.Qd6 Qe1 57.Nd5 Qc1+
58.Kb5 Qf1+ 59.Kb6 Qf2+ 60.Kb7 Qb2+ 61.Kc8 Kg7 62.Nc7 Qc3 63.Kd7 Qa1 64.h5 gxh5
65.Ne8+ Kg8 66.Nf6+ Kg7 67.Nxh5+ Kg8 68.Ke7 Qa7+ 69.Kf6 Qa1+ 70.Qe5 Qa6+
71.Kxf5 Qd3+ 72.Kf4 Qd2+ 73.Kf3 Qd3+ 74.Kg2 Qd2+ 75.Kh3 Qd7+ 76.g4 Qd3+ 77.Kh4 Qd8+
78.Qf6 Qf8 79.Kh3 Qa3+ 80.Kh4 Qf8 81.Ng3 Qg7 82.Qxg7+ Kxg7 83.Kh5 Kf6 84.Nf5  1-0

[Event "ch-CUB KO"]
[Site "Santa Clara CUB"]
[Date "2007.01.20"]
[Round "1.2"]
[White "Abreu,A"]
[Black "Bruzon,L"]
[Result "1/2-1/2"]
[WhiteElo "2473"]
[BlackElo "2614"]

1.e4 e5 2.Nf3 Nc6 3.Bb5 a6 4.Ba4 Nf6 5.O-O Be7 6.Re1 b5 7.Bb3 d6 8.c3 O-O
9.h3 Nb8 10.d4 Nbd7 11.Nbd2 Bb7 12.Bc2 Re8 13.Nf1 Bf8 14.Ng3 g6 15.b3 d5
16.Bg5 h6 17.Bh4 g5 18.Nxg5 hxg5 19.Bxg5 exd4 20.e5 Rxe5 21.Rxe5 Nxe5 22.cxd4 Nc6
23.Qd3 Be7 24.Bxf6 Bxf6 25.Qh7+ Kf8 26.Nh5 Bxd4 27.Qh6+ Ke8 28.Re1+ Ne5 29.Nf6+ Ke7
30.Ng4 Qh8 31.Qxh8 Rxh8 32.Nxe5 Kf8 33.Nd7+ Kg7 34.Rd1 Ba7 35.Rd3 Rh6 36.Rg3+ Kh8
37.Rf3 Kg7 38.Rg3+ Kh8 39.Rf3 Kg7  1/2-1/2

[Event "ch-CUB KO"]
[Site "Santa Clara CUB"]
[Date "2007.01.24"]
[Round "2.1"]
[White "Bruzon,L"]
[Black "Arencibia,W"]
[Result "1-0"]
[WhiteElo "2614"]
[BlackElo "2549"]

1.e4 c5 2.Nf3 e6 3.d4 cxd4 4.Nxd4 a6 5.Nc3 Qc7 6.Be2 Nf6 7.O-O d6 8.f4 Be7
9.a4 Nc6 10.Be3 O-O 11.Kh1 Re8 12.Bf3 Rb8 13.Qd2 Bd7 14.Nb3 b5 15.axb5 axb5
16.Qf2 b4 17.Na4 e5 18.f5 Nd8 19.Nb6 Bc6 20.Nd2 Nb7 21.Ra7 Qd8 22.Rd1 Bf8
23.b3 h6 24.Qe2 Re7 25.Ndc4 Qe8 26.Bf2 g6 27.fxg6 fxg6 28.h3 Rd8 29.Nd5 Bxd5
30.exd5 Qf7 31.Bb6 Rb8 32.Be4 Nxe4 33.Qxe4 Qf5 34.Qe2 Rf7 35.Ra4 Nc5 36.Bxc5 dxc5
37.Ra6 Re8 38.d6 e4 39.Ne3 Qg5 40.d7 Rd8 41.Rd5 Qg3 42.Ng4 g5 43.Rxh6 Bg7
44.Rc6 Rfxd7 45.Rxd7 Rxd7 46.Rc8+ Kf7 47.Qc4+  1-0

[Event "II Int Open"]
[Site "Morelia MEX"]
[Date "2007.02.15"]
[Round "1"]
[White "Perez Melo,F"]
[Black "Bruzon,L"]
[Result "0-1"]
[WhiteElo "2116"]
[BlackElo "2614"]

1.d4 Nf6 2.Nf3 e6 3.g3 b6 4.Bg2 Bb7 5.O-O Be7 6.c4 O-O 7.Nc3 Na6 8.Ne5 Bxg2
9.Kxg2 Qc8 10.e3 Qb7+ 11.Qf3 d5 12.cxd5 exd5 13.Bd2 c5 14.Rfd1 Nc7 15.Be1 Rfd8
16.Rac1 Ne6 17.h4 Rac8 18.Rc2 cxd4 19.exd4 b5 20.Re2 b4 21.Na4 Bd6 22.Qd3 Ne4
23.f3 Bxe5 24.dxe5 Qc6 25.Qb3 Qa6 26.Kf1 N4c5 27.Nxc5 Rxc5 28.Bf2 Ra5 29.Qxb4 Rxa2
30.Qb3 d4 31.Bxd4  0-1

[Event "II Int Open"]
[Site "Morelia MEX"]
[Date "2007.02.16"]
[Round "2"]
[White "Bruzon,L"]
[Black "Morales Garcia,S"]
[Result "1-0"]
[WhiteElo "2614"]
[BlackElo "2243"]

1.e4 c5 2.Ne2 d6 3.g3 Nc6 4.Bg2 g6 5.c3 Bg7 6.d4 cxd4 7.cxd4 Bg4 8.f3 Bd7
9.Nbc3 h5 10.h3 Rc8 11.Be3 b5 12.Qd2 b4 13.Nd1 a5 14.O-O h4 15.g4 Nf6 16.Nf2 a4
17.b3 Na5 18.Rab1 axb3 19.axb3 Bb5 20.Nd3 Qb6 21.Rfd1 Nd7 22.Bf1 Nc6 23.Rdc1 O-O
24.Ndf4 Bxe2 25.Nxe2 Na5 26.Rxc8 Rxc8 27.Nf4 Nc6 28.Rc1 Kh7 29.Kg2 Ra8 30.Nd5 Qb7
31.Qf2  1-0

[Event "II Int Open"]
[Site "Morelia MEX"]
[Date "2007.02.17"]
[Round "4"]
[White "Bruzon,L"]
[Black "Venegas,P"]
[Result "1-0"]
[WhiteElo "2614"]
[BlackElo "2229"]

1.e4 c5 2.Nf3 d6 3.d4 cxd4 4.Nxd4 Nf6 5.Nc3 g6 6.Be3 Bg7 7.f3 O-O 8.Qd2 Nc6
9.Bc4 Bd7 10.O-O-O Ne5 11.Bb3 Rc8 12.Kb1 Nc4 13.Bxc4 Rxc4 14.g4 b5 15.b3 Rc8
16.Ndxb5 Rb8 17.Nd4 a5 18.h4 h5 19.gxh5 Nxh5 20.Bh6 a4 21.Bxg7 Kxg7 22.Nf5+ Bxf5
23.exf5 Qa5 24.fxg6 fxg6 25.Rhe1 Rf7 26.Ne4 Qf5 27.Qd4+ Nf6 28.Qxa4 Qf4 29.Qa7 Nxe4
30.Rxe4 Qxf3 31.Rde1 Re8 32.Qd4+ Qf6 33.Qxf6+ Kxf6 34.Re6+ Kf5 35.Rxd6 exd6
36.Rxe8 Rh7 37.a4 Rxh4 38.a5 Rh7 39.Kb2 g5 40.b4 d5 41.b5 g4 42.a6 Rg7 43.b6 g3
44.b7  1-0

[Event "II Int Open"]
[Site "Morelia MEX"]
[Date "2007.02.17"]
[Round "5"]
[White "Verduga,D"]
[Black "Bruzon,L"]
[Result "0-1"]
[WhiteElo "2356"]
[BlackElo "2614"]

1.e4 c5 2.Nf3 d6 3.d4 cxd4 4.Nxd4 Nf6 5.Nc3 a6 6.Bg5 e6 7.f4 h6 8.Bxf6 Qxf6
9.Qd2 Nc6 10.Nf3 Qd8 11.O-O-O Bd7 12.Kb1 Qc7 13.Qe3 Be7 14.g4 O-O-O 15.h4 Kb8
16.Be2 Bc8 17.Rhf1 Qa5 18.g5 hxg5 19.hxg5 Rh3 20.Rh1 Rdh8 21.Rxh3 Rxh3 22.Qg1 Rh8
23.Bc4 g6 24.a3 Bf8 25.Bb3 Bg7 26.Na4 Qc7 27.Rd3 b5 28.Nb6 Bb7 29.e5 Rd8
30.a4 dxe5 31.Rxd8+ Qxd8 32.axb5 axb5 33.f5 e4 34.fxe6 exf3 35.Nd7+ Kc8 36.Nb6+ Kc7
37.Nd5+ Kb8 38.exf7 Nd4 39.Qg3+ Ka7 40.Nc7 Nxb3 41.cxb3 Qe7 42.Ka2 Qe2 43.Qg1+  0-1

[Event "II Int Open"]
[Site "Morelia MEX"]
[Date "2007.02.18"]
[Round "7"]
[White "Gonzalez Zamora,J"]
[Black "Bruzon,L"]
[Result "1/2-1/2"]
[WhiteElo "2526"]
[BlackElo "2614"]

1.d4 d5 2.Nf3 Nf6 3.c4 c6 4.e3 Bg4 5.h3 Bxf3 6.Qxf3 e6 7.Nc3 Nbd7 8.Bd3 Bd6
9.O-O O-O 10.Bd2 Re8 11.Rfe1 e5 12.cxd5 cxd5 13.Bb5 e4 14.Qf5  1/2-1/2

[Event "LIII Mexican Open"]
[Site "Aguascalientes MEX"]
[Date "2007.04.04"]
[Round "2"]
[White "Gonzalez Arroyo,L"]
[Black "Bruzon,L"]
[Result "0-1"]
[WhiteElo "2183"]
[BlackElo "2614"]

1.e4 c5 2.c3 Nf6 3.e5 Nd5 4.d4 cxd4 5.Nf3 e6 6.cxd4 b6 7.Nc3 Nxc3 8.bxc3 Qc7
9.Bd2 Bb7 10.Bd3 d6 11.O-O Nd7 12.Re1 dxe5 13.Nxe5 Nxe5 14.Rxe5 Bd6 15.Rh5 g6
16.Rh3 Bf4 17.Bb5+ Kf8 18.Qc1 Bxd2 19.Qxd2 h5 20.Re1 Rd8 21.Ba4 Kg7 22.Bb3 b5
23.Re5  0-1

[Event "LIII Mexican Open"]
[Site "Aguascalientes MEX"]
[Date "2007.04.06"]
[Round "5"]
[White "Bruzon,L"]
[Black "Ibarra Chami,L"]
[Result "1/2-1/2"]
[WhiteElo "2614"]
[BlackElo "2296"]

1.c4 e6 2.Nf3 d5 3.g3 dxc4 4.Qa4+ Nd7 5.Bg2 Nf6 6.Qxc4 a6 7.O-O b5 8.Qc2 Bb7
9.a4 c5 10.d3 Be7 11.Nc3 Qb6 12.e4 O-O 13.h3 c4 14.dxc4 b4 15.e5 bxc3 16.exf6 Nxf6
17.Qxc3 Ne4 18.Be3 Qc7 19.Qc2 Rac8 20.b3 Nc5 21.Nd2 Rb8 22.Rab1 Bxg2 23.Kxg2 Rb6
24.Rfd1 Rfb8 25.Ne4 f5 26.Nxc5 Bxc5 27.Bxc5 Qxc5 28.Rd3 Qc7 29.Kh2 a5 30.c5 Rc6
31.Rc3 Rc8 32.Rc1 Rd8 33.Qe2 Rd5 34.Rc4 Qe5 35.Qh5 g6 36.Qg5 Kf7 37.b4 axb4
38.Rxb4 Rdxc5 39.Rd1 Qc7 40.Qh6 Kf6 41.Qh4+ Kg7 42.Rbd4 Rd5 43.Rxd5 exd5
44.Qd4+ Kh6 45.Qxd5 f4 46.g4 Rc5 47.Qd7 Qxd7 48.Rxd7 Rc4 49.a5 Ra4 50.Ra7 Kg5
51.a6 h5 52.gxh5 gxh5 53.Kg2 Ra3 54.Ra8 Kh4 55.a7 f3+ 56.Kh2 Ra2 57.Rf8 Rxa7
58.Rxf3 Ra4 59.Kg2 Rb4 60.Rf5 Ra4 61.Re5 Rb4 62.Kf3 Rb3+ 63.Re3 Rb2 64.Kg2 Rb4
65.Re2 Ra4 66.f3 Kg5 67.Re5+ Kf4 68.Re2 h4 69.Kf2 Rb4 70.Ra2 Rc4  1/2-1/2

[Event "LIII Mexican Open"]
[Site "Aguascalientes MEX"]
[Date "2007.04.06"]
[Round "6"]
[White "Bruzon,L"]
[Black "Beltran Vazquez,G"]
[Result "1-0"]
[WhiteElo "2614"]
[BlackElo "2194"]

1.e4 d6 2.d4 Nf6 3.Nc3 g6 4.Be3 Bg7 5.Qd2 Nc6 6.Bb5 O-O 7.Bxc6 bxc6 8.f3 Rb8
9.O-O-O Be6 10.Bh6 Qc8 11.Bxg7 Kxg7 12.Nge2 Qb7 13.b3 a5 14.Na4 Bc4 15.Nec3 Bb5
16.Nb2 Nd7 17.h4 h6 18.h5 g5 19.f4 f6 20.e5 Nb6 21.Rhe1 Nd5 22.exf6+ exf6
23.fxg5 fxg5 24.a4 Ba6 25.Nxd5 cxd5 26.Re7+  1-0

[Event "LIII Mexican Open"]
[Site "Aguascalientes MEX"]
[Date "2007.04.07"]
[Round "7"]
[White "Leon Hoyos,M"]
[Black "Bruzon,L"]
[Result "1-0"]
[WhiteElo "2430"]
[BlackElo "2614"]

1.e4 c5 2.Nf3 d6 3.d4 cxd4 4.Nxd4 Nf6 5.Nc3 a6 6.Be3 e6 7.f3 Nc6 8.g4 Be7
9.Qd2 O-O 10.O-O-O Nxd4 11.Bxd4 b5 12.Kb1 Nd7 13.h4 Qc7 14.g5 b4 15.Ne2 Ne5
16.f4 Nc4 17.Qd3 a5 18.g6 e5 19.fxe5 dxe5 20.Nf4 exd4 21.Nd5 Nxb2 22.Qxd4 Qc5
23.gxh7+ Kh8 24.Nxe7 Qxe7 25.Rg1 f6 26.Kxb2 Be6 27.Qd6 Qf7 28.e5 a4 29.Bb5 b3
30.cxb3 axb3 31.a4 Rac8 32.Rd2 Rc2+ 33.Rxc2 bxc2 34.Kxc2 f5 35.Kb2 Rc8 36.Rc1 Rxc1
37.Kxc1 Kxh7 38.Bd3 g6 39.a5 Bc4 40.Kd2 Bxd3 41.e6 Qf6 42.Kxd3 Qa1 43.Qc7+ Kh6
44.Qc3 Qb1+ 45.Kc4 Qe4+ 46.Kc5 Kh5 47.Qh8+  1-0

[Event "LIII Mexican Open"]
[Site "Aguascalientes MEX"]
[Date "2007.04.07"]
[Round "8"]
[White "Davalos,A"]
[Black "Bruzon,L"]
[Result "0-1"]
[WhiteElo "2270"]
[BlackElo "2614"]

1.c4 Nf6 2.Nc3 e5 3.Nf3 Nc6 4.g3 Bc5 5.Nxe5 Bxf2+ 6.Kxf2 Nxe5 7.e4 c5 8.d4 cxd4
9.Qxd4 O-O 10.Bf4 Re8 11.Be2 Nc6 12.Qd2 d6 13.Kg2 Nxe4 14.Nxe4 Rxe4 15.Bd3 Bf5
16.Rhe1 Rd4 17.Bxf5 Rxd2+ 18.Bxd2 Qf6 19.Kf2 Qd8 20.Bf4  0-1

[Event "LIII Mexican Open"]
[Site "Aguascalientes MEX"]
[Date "2007.04.08"]
[Round "9"]
[White "Bruzon,L"]
[Black "Espinosa,Ra MEX"]
[Result "1-0"]
[WhiteElo "2614"]
[BlackElo "2381"]

1.e4 c5 2.Nf3 Nc6 3.Bb5 a6 4.Bxc6 dxc6 5.d3 Qc7 6.O-O e5 7.Be3 f6 8.a4 Be6
9.a5 h5 10.Nc3 h4 11.Nd2 Bd6 12.Na4 Qe7 13.Nb6 Rd8 14.Nbc4 Nh6 15.h3 Nf7
16.Qe2 g5 17.f3 Bb8 18.Qf2 Rd4 19.Rfe1 O-O 20.Nb3 Rfd8 21.Nxd4 exd4 22.Bd2 Bg3
23.Qe2 Bxc4 24.dxc4 Bxe1 25.Rxe1 Qd7 26.Qf2 Re8 27.b3 f5 28.exf5 Rxe1+ 29.Bxe1 Qxf5
30.f4 gxf4 31.Qxh4 Ne5 32.Qd8+ Kf7 33.Qc7+ Kg6 34.Qd6+ Kf7 35.Qc7+ Kg6 36.Qb8 Qe6
37.Bf2 d3 38.cxd3 Nxd3 39.Bh4 Qe3+ 40.Kh2 Ne5 41.Qg8+ Kf5 42.Qh7+ Ke6 43.Qg7 Kf5
44.Bd8 Nf3+ 45.gxf3 Qd2+ 46.Qg2 Qxd8 47.Qg4+ Ke5 48.h4 Qd2+ 49.Kh3 Qc1 50.Qg7+ Ke6
51.Qg6+ Ke5 52.Kg4 Qg1+ 53.Kh5 Qg3 54.Qg4 Kd4 55.Kg5 Kc3 56.h5 Kxb3 57.h6 Qe1
58.Kf6 Qc3+ 59.Kf7 Qxa5 60.Qe6 Qd8 61.h7 Qh4 62.Qg6 a5 63.Qb1+ Kxc4 64.Qc2+ Kb4
65.Qb2+ Kc4 66.h8=Q Qxh8 67.Qxh8 a4 68.Qe5 b5 69.Qxf4+ Kb3 70.Qe3+ Kb4 71.Ke6 c4
72.f4 a3 73.f5 a2 74.Qc1  1-0